00345nam a2200145Ia 45000030006000000080041000060400015000471000018000622450034000802500006001142600044001203000006001645460012001700050017001820STCL150530s9999 xx 000 0 und d aSTCLcSTCL aVivek Solanki aHand Book of Sports Sociology a1 bKHEL Sahitya Kendra; Delhic2009aDelhi a0 aEnglish20220125165433.0